Movies Quiz

Random Movies Quiz
Score 0/17 Timer 02:00
0 Plays Today
% Correct
Drew Barrymore
91.6%
Shelley Duvall
89%
Anthony Hopkins
77.3%
Emilio Estevez
75.8%
Christopher Plummer
70.3%
Amy Irving
67.8%
Joan Allen
64.5%
Matt Frewer
62.3%
Rebecca De Mornay
61.2%
% Correct
David Strathairn
58.6%
Rachelle Lefevre
56.8%
Mike Vogel
56%
Annabeth Gish
54.6%
Frances Sternhagen
54.2%
Bob Gunton
51.3%
Wes Bentley
49.5%
Angela Bettis
47.6%
Remove Ads.
Support Sporcle.
Get the best of Sporcle when you Go Orange. This ad-free experience offers more features, more stats, and more fun while also helping to support Sporcle. Thank you for becoming a member.

You're not logged in!

Compare scores with friends on all Sporcle quizzes.
OR
Log In

Show Comments

Extras

Created Jan 12, 2015ReportNominate
Tags:Movie Stars, Stephen King

Top Quizzes Today


Score Distribution

Your Account Isn't Verified!

In order to create a playlist on Sporcle, you need to verify the email address you used during registration. Go to your Sporcle Settings to finish the process.

Report this User

Report this user for behavior that violates our Community Guidelines.

Details: